Oxford Wordpower Dictionary for Learners of English
Uloženo v:
| Hlavní autor: | |
|---|---|
| Médium: | Neznámo |
| Jazyk: | English |
| Vydáno: |
2000
|
| Témata: | |
| Tagy: |
Přidat tag
Žádné tagy, Buďte první, kdo otaguje tento záznam!
|
| Thư viện lưu trữ: | Mạng thư viện Đại học Đà Nẵng |
|---|
| LEADER | 01002ca a2200289 4500 | ||
|---|---|---|---|
| 001 | 000032242 | ||
| 003 | 8321 | ||
| 005 | 20151022000000.0 | ||
| 008 | 151002s2000 vm 000 eng | ||
| 041 | |a eng | ||
| 082 | |a 423 |b ST-M | ||
| 100 | |a Miranda Steel | ||
| 245 | |a Oxford Wordpower Dictionary for Learners of English |c Miranda Steel | ||
| 260 | |c 2000 | ||
| 650 | |a Oxford Wordpower Dictionary for Learners of EnglishOxford Wordpower Dictionary for Learners of English, Miranda Steel | ||
| 852 | |b Đọc |c TỪ ĐIỂN | ||
| OWN | |a LNN | ||
| AVA | |a UDN50 |b LNN |d 423 ST-M |e available |t Error 5001 Not defined in file expand_doc_bib_avail. |f 1 |g 0 |h N |i 0 |k 1 | ||
| 999 | |a From the UDN01 | ||
| AVA | |a UDN50 |b LNN |d 423 ST-M |e available |t Error 5001 Not defined in file expand_doc_bib_avail. |f 1 |g 0 |h N |i 0 |k 1 | ||
| 980 | |a Mạng thư viện Đại học Đà Nẵng | ||